2000s TV Series Characters - Statistics

General Stats
  • This quiz has been taken 180 times
  • The average score is 11 of 25
Answer Stats
Hint Answer % Correct
Tony Soprano The Sopranos
84%
Walter White Breaking Bad
82%
Dr. Gregory House House M. D.
77%
Clark Kent Smallville
67%
Carrie Bradshaw Sex and the City
65%
Serena van der Woodsen Gossip Girl
62%
Michael Schofield Prison Break
57%
Dean Winchester Supernatural
57%
Jack Bauer 24
49%
Lucas Scott One Tree Hill
49%
Gabrielle Solis Desperate Housewives
47%
Charlie Harper Two and a Half Men
46%
Marissa Cooper O.C.
43%
Admiral William Adama Battlestar Galactica
38%
Debra Morgan Dexter
34%
Sookie Stackhouse True Blood
30%
Dr. Jack Shephard Lost
29%
Det. James McNulty The Wire
29%
Sydney Bristow Alias
22%
Dr. Walter Bishop Fringe
20%
Capt. Malcolm Reynolds Firefly
16%
Peter Petrelli Heroes
16%
Nancy Botwin Weeds
16%
Seth Bullock Deadwood
14%
Nate Fisher Six Feet Under
14%
No matching quizzes found
Score Distribution
Percent of People with Each Score
Percentile by Number Answered
Your Score History
You have not taken this quiz